000 00537cam a22001691 4500
001 000019920
005 20200929170206.0
008 750918s1923 fr 000 1 fre
010 _a23009072
040 _aDO-SdBNP
_bspa
_cBNPHU
082 _axxxx
_bM829f
100 1 _aMorand, Paul,
_d1888-1976
_942483
245 1 0 _aFerme la nuit.
260 _aParis :
_bNouvelle revue francaise,
_c1923.
300 _a207 p. ;
_c19 cm.
505 0 _tLa nuit de Portofino Kulm--
_tLa nuit de Charlottenburg --
_tLa nuit de Babylone --
_tLa nuit de Putney.
999 _c19433
_d19433